00250nam a2200109Ia 4500008004100000100002000041245001600061260001700077650002200094942000700116999001700123190216s9999||||xx |||||||||||||| ||und|| aNileena Abraham 0aEzhu Chuvad bNbs Kottayam aMalayalam Nadakam cBK c25375d25375